Les 10 villes les plus peuplées du Finistère (29) - Statistiques

Statistiques générales
  • Ce quiz a été pris 83 fois
  • Le résultat moyen est 7 sur 10
Statistiques - réponses
Population Communes % Correct
141 000 Brest
99%
64 500 Quimper
99%
20 600 Concarneau
85%
15 200 Morlaix
77%
16 300 Landerneau
74%
12 400 Quimperlé
68%
14 200 Douarnenez
58%
15 400 Guipavas
48%
13 400 Plouzané
32%
13 400 Plougastel-Daoulas
29%
Aucun quiz correspondant
Distribution des résultats
% des personnes avec chaque résultat
Percentile par nombre de réponses
Votre historique - résultats
Vous n’avez pas pris ce quiz